Umbilical cord PH and apgar score in relation to delivery time interval in cesarean Section / (رقم التسجيلة. 62308)

تفاصيل مارك
000 -LEADER
fixed length control field 02780cam a2200349 a 4500
003 - CONTROL NUMBER IDENTIFIER
control field EG-GiCUC
005 - DATE AND TIME OF LATEST TRANSACTION
control field 20250223031806.0
008 - FIXED-LENGTH DATA ELEMENTS--GENERAL INFORMATION
fixed length control field 170916s2016 ua dh f m 000 0 eng d
040 ## - CATALOGING SOURCE
Original cataloging agency EG-GiCUC
Language of cataloging eng
Transcribing agency EG-GiCUC
041 0# - LANGUAGE CODE
Language code of text/sound track or separate title eng
049 ## - LOCAL HOLDINGS (OCLC)
Holding library Deposite
097 ## - Thesis Degree
Thesis Level M.Sc
099 ## - LOCAL FREE-TEXT CALL NUMBER (OCLC)
Classification number Cai01.11.28.M.Sc.2016.Em.U
100 0# - MAIN ENTRY--PERSONAL NAME
Personal name Eman Fouad Labib Kreolos
245 10 - TITLE STATEMENT
Title Umbilical cord PH and apgar score in relation to delivery time interval in cesarean Section /
Statement of responsibility, etc. Eman Fouad Labib Kreolos ; Supervised Dalia Ahmed Khairy Abdellatif , Dina Mohammed Akmal , Hala Nabil Mohammed
246 15 - VARYING FORM OF TITLE
Title proper/short title دراسة تأثير الوقت المستغرق لإجراء العملية القيصرية علي نقاط ابغار ودرجة حموضة الدم بالحبل السري
260 ## - PUBLICATION, DISTRIBUTION, ETC.
Place of publication, distribution, etc. Cairo :
Name of publisher, distributor, etc. Eman Fouad Labib Kreolos ,
Date of publication, distribution, etc. 2016
300 ## - PHYSICAL DESCRIPTION
Extent 117 P. :
Other physical details charts , facsimiles ;
Dimensions 25cm
502 ## - DISSERTATION NOTE
Dissertation note Thesis (M.Sc.) - Cairo University - Faculty of Medicine - Department of Pediatrics
520 ## - SUMMARY, ETC.
Summary, etc. The Apgar score system offers a standardized, effective, and convenient assessment for newborn infants. It has gained widespread application by obstetricians all over the world for more than half a century. Umbilical artery acid base studies provide the best measure of efficacy of intrapartum intervention and is now recommended in all of risk deliveries by both the British and American Colleges of Obstetrics and Gynecology and in some centres, it is practiced routinely following all deliveries. The aim of the current study was to assess the impact of 3 time intervals of cesarean section under spinal anesthesia{u2014}induction of anesthesia to delivery (I{u2013}D), initial skin incision to delivery (S{u2013}D), and uterine incision to delivery (U{u2013}D){u2014} on Apgar score and umbilical artery PH of the newborn as the primary outcome parameter. Our study is a prospective cohort study conducted at Kasr-Al Aini Maternity Hospital from January to June 2016. The study included 250 neonates born to women who underwent cesarean section under spinal anesthesia for term single neonates (90 neonates born to healthy women, 80 neonates born to diabetic women and 80 neonates born to hypertensive women). In our study we found out that umbilical artery PH was negatively correlated to the induction of spinal anesthesia to delivery interval
530 ## - ADDITIONAL PHYSICAL FORM AVAILABLE NOTE
Additional physical form available note Issued also as CD
653 #4 - INDEX TERM--UNCONTROLLED
Uncontrolled term Apgar score
653 #4 - INDEX TERM--UNCONTROLLED
Uncontrolled term Cesarean Section
653 #4 - INDEX TERM--UNCONTROLLED
Uncontrolled term Umbilical cord PH
700 0# - ADDED ENTRY--PERSONAL NAME
Personal name Dalia Ahmed Khairy Abdellatif ,
Relator term
700 0# - ADDED ENTRY--PERSONAL NAME
Personal name Dina Mohammed Akmal ,
Relator term
700 0# - ADDED ENTRY--PERSONAL NAME
Personal name Hala Nabil Mohammed ,
Relator term
856 ## - ELECTRONIC LOCATION AND ACCESS
Uniform Resource Identifier <a href="http://172.23.153.220/th.pdf">http://172.23.153.220/th.pdf</a>
905 ## - LOCAL DATA ELEMENT E, LDE (RLIN)
Cataloger Nazla
Reviser Revisor
905 ## - LOCAL DATA ELEMENT E, LDE (RLIN)
Cataloger Shimaa
Reviser Cataloger
942 ## - ADDED ENTRY ELEMENTS (KOHA)
Source of classification or shelving scheme Dewey Decimal Classification
Koha item type Thesis
المقتنيات
Source of classification or shelving scheme Not for loan Home library Current library Date acquired Full call number Barcode Date last seen Koha item type Copy number
Dewey Decimal Classification   المكتبة المركزبة الجديدة - جامعة القاهرة قاعة الرسائل الجامعية - الدور الاول 11.02.2024 Cai01.11.28.M.Sc.2016.Em.U 01010110072458000 22.09.2023 Thesis  
Dewey Decimal Classification   المكتبة المركزبة الجديدة - جامعة القاهرة مخـــزن الرســائل الجـــامعية - البدروم 11.02.2024 Cai01.11.28.M.Sc.2016.Em.U 01020110072458000 22.09.2023 CD - Rom 72458.CD
Cairo University Libraries Portal Implemented & Customized by: Eng. M. Mohamady Contacts: new-lib@cl.cu.edu.eg | cnul@cl.cu.edu.eg
CUCL logo CNUL logo
© All rights reserved — Cairo University Libraries
CUCL logo
Implemented & Customized by: Eng. M. Mohamady Contact: new-lib@cl.cu.edu.eg © All rights reserved — New Central Library
CNUL logo
Implemented & Customized by: Eng. M. Mohamady Contact: cnul@cl.cu.edu.eg © All rights reserved — Cairo National University Library